| 000 | 01612cam a22003135a 4500 | ||
|---|---|---|---|
| 001 | L146589 | ||
| 008 | 090205s2009 f v 000 0 eng u | ||
| 020 | _a9781905391646 | ||
| 035 | _a(Sirsi) u146589 | ||
| 041 | 0 | _aeng | |
| 050 | 0 | 4 | _a346.41043 $2 18 |
| 100 | 1 | _aButt, Paul | |
| 245 | 0 | 0 |
_aCommercial property _b2009 |
| 250 | _a16th ed. | ||
| 260 |
_aGuildford _bCollege of Law _c2009 |
||
| 300 |
_axxvi, 462p. _c30cm. |
||
| 505 | 2 | _aSite acquisitions -- Commercial leases -- Residential tenancies | |
| 520 | _aProvides a comprehensive and practical introduction to the law of all the main areas of commercial property practice. Discusses the issues that need to be dealt with when considering site acquisitions, including a detailed examination of the town and country planning requirements. Examines the principles of commercial leases, highlighting the important clauses and giving advice on the termination of a lease. Concludes with an introduction to residential landlord and tenant law detailing its potential impact on sites bought for commercial development. Includes worked examples, checklists, model forms and relevant legislation. | ||
| 520 | _aThe law is stated at 1 September 2008. | ||
| 521 | 2 | _aAdvanced | |
| 590 | _aKA | ||
| 650 | 2 | 4 | _aENERGY PERFORMANCE CERTIFICATES |
| 650 | 2 | 4 | _aDISPLAY ENERGY CERTIFICATE |
| 651 | 4 |
_aUnited Kingdom _y |
|
| 690 | _aPROPERTY-COMMERCIAL PROPERTY | ||
| 690 | _aENVIRONMENTAL AND LAND CONSULTANCY-PLANNING AND DEVELOPMENT | ||
| 690 | _aPROPERTY-RESIDENTIAL PROPERTY-RESIDENTIAL LANDLORD AND TENANT-RESIDENTIAL TENANCIES | ||
| 942 | _n0 | ||
| 999 |
_c109232 _d109232 |
||